<?xml version="1.0" encoding="UTF-8"?>
<record
    xmlns:xsi="http://www.w3.org/2001/XMLSchema-instance"
    xsi:schemaLocation="http://www.loc.gov/MARC21/slim http://www.loc.gov/standards/marcxml/schema/MARC21slim.xsd"
    xmlns="http://www.loc.gov/MARC21/slim">

  <leader>00759nam0a22002531  4500</leader>
  <controlfield tag="001">rc\3590124</controlfield>
  <controlfield tag="005">20250610075811.0</controlfield>
  <datafield tag="021" ind1=" " ind2=" ">
    <subfield code="a">RU</subfield>
    <subfield code="b">[73-74173]</subfield>
  </datafield>
  <datafield tag="035" ind1=" " ind2=" ">
    <subfield code="a">(NLR Aleph) 007808227</subfield>
  </datafield>
  <datafield tag="090" ind1=" " ind2=" ">
    <subfield code="a">7704944</subfield>
    <subfield code="c">7704944</subfield>
  </datafield>
  <datafield tag="100" ind1=" " ind2=" ">
    <subfield code="a">20130115d1973    |||y0rusy50      ca</subfield>
  </datafield>
  <datafield tag="101" ind1="0" ind2=" ">
    <subfield code="a">rus</subfield>
  </datafield>
  <datafield tag="102" ind1=" " ind2=" ">
    <subfield code="a">RU</subfield>
  </datafield>
  <datafield tag="105" ind1=" " ind2=" ">
    <subfield code="a">y   z   |||||</subfield>
  </datafield>
  <datafield tag="200" ind1="1" ind2=" ">
    <subfield code="a">&#x41E;&#x445;&#x43E;&#x442;&#x430; &#x438; &#x437;&#x430;&#x43A;&#x43E;&#x43D;</subfield>
  </datafield>
  <datafield tag="210" ind1=" " ind2=" ">
    <subfield code="a">[&#x411;&#x430;&#x440;&#x43D;&#x430;&#x443;&#x43B;]</subfield>
    <subfield code="c">&#x410;&#x43B;&#x442;. &#x43A;&#x43D;. &#x438;&#x437;&#x434;-&#x432;&#x43E;</subfield>
    <subfield code="d">1973</subfield>
  </datafield>
  <datafield tag="215" ind1=" " ind2=" ">
    <subfield code="a">46 &#x441;.</subfield>
    <subfield code="d">20</subfield>
  </datafield>
  <datafield tag="606" ind1=" " ind2=" ">
    <subfield code="a">&#x41E;&#x445;&#x43E;&#x442;&#x430; &#x438; &#x43E;&#x445;&#x43E;&#x442;&#x43D;&#x438;&#x447;&#x438;&#x439; &#x43F;&#x440;&#x43E;&#x43C;&#x44B;&#x441;&#x435;&#x43B;</subfield>
    <subfield code="y">&#x420;&#x421;&#x424;&#x421;&#x420;</subfield>
    <subfield code="x">&#x417;&#x430;&#x43A;&#x43E;&#x43D;&#x43E;&#x434;&#x430;&#x442;&#x435;&#x43B;&#x44C;&#x441;&#x442;&#x432;&#x43E;</subfield>
    <subfield code="2">psbo</subfield>
  </datafield>
  <datafield tag="700" ind1=" " ind2="1">
    <subfield code="a">&#x41F;&#x43E;&#x43F;&#x43E;&#x432;</subfield>
    <subfield code="b">&#x420;.&#x418;.</subfield>
    <subfield code="g">&#x420;&#x43E;&#x431;&#x435;&#x440;&#x442; &#x418;&#x432;&#x430;&#x43D;&#x43E;&#x432;&#x438;&#x447;</subfield>
  </datafield>
  <datafield tag="801" ind1=" " ind2="0">
    <subfield code="a">RU</subfield>
    <subfield code="b">NLR</subfield>
    <subfield code="g">psbo</subfield>
  </datafield>
  <datafield tag="801" ind1=" " ind2="1">
    <subfield code="a">RU</subfield>
    <subfield code="b">ELAR</subfield>
    <subfield code="2">rusmarc</subfield>
  </datafield>
  <datafield tag="852" ind1=" " ind2=" ">
    <subfield code="a">NLR</subfield>
    <subfield code="j">73-4/30412</subfield>
  </datafield>
  <datafield tag="942" ind1=" " ind2=" ">
    <subfield code="c">BOOK</subfield>
  </datafield>
  <datafield tag="980" ind1=" " ind2=" ">
    <subfield code="a">NB</subfield>
  </datafield>
  <datafield tag="995" ind1=" " ind2=" ">
    <subfield code="5">2013-10-26</subfield>
    <subfield code="b">NLR01</subfield>
    <subfield code="c">NLR01</subfield>
    <subfield code="e">RF91</subfield>
    <subfield code="f">7808227-10</subfield>
    <subfield code="k">73-4/30412</subfield>
    <subfield code="o">0</subfield>
    <subfield code="r">BOOK</subfield>
    <subfield code="s">73430412_</subfield>
  </datafield>
</record>
